| 000 | 00443nam a2200157 4500 | ||
|---|---|---|---|
| 001 | 132202 | ||
| 003 | ES-MaACL | ||
| 005 | 20230906194127.0 | ||
| 007 | t| | ||
| 008 | 070214s1969 sp r ||||1| spa d | ||
| 100 | 1 |
_aRodríguez Yordi, Julio. _998877 |
|
| 245 | 1 | 0 |
_aEpistolario de Rincón y Esquina / _cJulio Rodríguez Yordi. |
| 260 |
_aLa Coruña : _bMoret, _c1969. |
||
| 300 |
_a237 p. ; _c20 cm. |
||
| 852 |
_aES-MaACL _jC-39840 _bR.72377 |
||
| 999 |
_c132202 _d132202 |
||